Factores asociados al inicio de relaciones sexuales en adolescentes de 12 a 16 años en el corregimiento de La Boquilla (Cartagena), 2015 / (Registro nro. 3940)

Detalles MARC
000 -LEADER
fixed length control field 01794nam a2200325 a 4500
003 - CONTROL NUMBER IDENTIFIER
control field CO-CtgCURN
005 - DATE AND TIME OF LATEST TRANSACTION
control field 20250329165433.0
008 - FIXED-LENGTH DATA ELEMENTS--GENERAL INFORMATION
fixed length control field 160531s2016 000 0 eng d
040 ## - CATALOGING SOURCE
Original cataloging agency CO-CtgCURN
Language of cataloging spa
Transcribing agency coctgcurn
082 0# - DEWEY DECIMAL CLASSIFICATION NUMBER
Classification number ENF 2016
Item number A185
100 1# - MAIN ENTRY--PERSONAL NAME
Personal name Acosta Sierra, Maira.
245 10 - TITLE STATEMENT
Title Factores asociados al inicio de relaciones sexuales en adolescentes de 12 a 16 años en el corregimiento de La Boquilla (Cartagena), 2015 /
Statement of responsibility, etc. Maira Acosta Sierra; Lenadra Mendoza Moreno; Ana Milena García Mendoza; Sandra Marcela Pareja Mercado; directora: Sandra Lorena Vallejo Arias.
260 ## - PUBLICATION, DISTRIBUTION, ETC.
Place of publication, distribution, etc. Cartagena de Indias :
Name of publisher, distributor, etc. Corporación Universitaria Rafael Núñez,
Date of publication, distribution, etc. 2016.
300 ## - PHYSICAL DESCRIPTION
Extent 146 hojas :
Other physical details tablas, graficas, formas y formularios.
336 ## - CONTENT TYPE
Source rdacontent
337 ## - MEDIA TYPE
Source rdamedia
Media type term sin mediacion
Media type code n
338 ## - CARRIER TYPE
Source rdacarrier
Carrier type term volumen
Carrier type code nc
502 ## - DISSERTATION NOTE
Dissertation note Trabajo de grado (Enfermera). Corporacion Universitaria Rafael Nuñez. Facultad de Ciencias de la Salud. Programa de Enfermeria, 2016.
504 ## - BIBLIOGRAPHY, ETC. NOTE
Bibliography, etc. note Incluye bibliografia.
520 8# - SUMMARY, ETC.
Summary, etc. "Las alteraciones de los trastornos afectivos constituyen uno de los problemas psicológicos más frecuentes. Particularmente en los estudiantes resulta crítico"
590 ## - LOCAL NOTE (RLIN)
Local note Enfemeria
650 #0 - SUBJECT ADDED ENTRY--TOPICAL TERM
Topical term or geographic name entry element Enfermeria
Form subdivision Tesis y disertaciones academicas.
700 1# - ADDED ENTRY--PERSONAL NAME
Personal name Mendoza Moreno, Leandra.
700 1# - ADDED ENTRY--PERSONAL NAME
Personal name García Mendoza, Ana Milena.
700 1# - ADDED ENTRY--PERSONAL NAME
Personal name Pareja Mercado, Sandra Marcela.
700 1# - ADDED ENTRY--PERSONAL NAME
Personal name Vallejo Arias, Sandra Lorena,
Relator term directora.
856 7# - ELECTRONIC LOCATION AND ACCESS
Uniform Resource Identifier <a href="https://unicurn.sharepoint.com/:b:/s/biblioteca/EXdoptR24cVNq7nYDRkndmMBqHbfTasfXZ8oV9R6e0cXkg?e=ovjJ1E">https://unicurn.sharepoint.com/:b:/s/biblioteca/EXdoptR24cVNq7nYDRkndmMBqHbfTasfXZ8oV9R6e0cXkg?e=ovjJ1E</a>
Public note Click aqui para ver el recurso en texto completo
942 ## - ADDED ENTRY ELEMENTS (KOHA)
Classification part ENF 2016
Item part A185
Source of classification or shelving scheme Dewey Decimal Classification
Koha item type Trabajos de grado
Existencias
Withdrawn status Lost status Source of classification or shelving scheme Damaged status Not for loan Collection Home library Current library Shelving location Date acquired Cost, normal purchase price Inventory number Total checkouts Full call number Barcode Date last seen Price effective from Koha item type
    Dewey Decimal Classification     Trabajos de grado Miguel Henríquez Emiliani Miguel Henríquez Emiliani Trabajo de grado 03/16/2018 35000.00 025073   ENF 2016 A185 025073 03/16/2018 03/16/2018 Trabajos de grado